000 00813nam a2200229 i 4500
001 181423
003 ES-MaACL
005 20251003063156.0
008 130114s2011 sp | |||||||| | spa d
080 _a821.113.5-31"19"
100 1 _aHolt, Anne,
_d1958-
_9152059
245 1 0 _aCrepúsculo en Oslo /
_cAnne Holt ; [traducción de Cristina Gómez Baggethun].
260 _a[Madrid] :
_bDiario Público,
_cD.L. 2011-
300 _a2 v. (233, 219 p.) ;
_c18 cm.
490 1 _aColección Novela negra
700 1 _aGómez Baggethun, Cristina.
_9152060
830 0 _aNovela negra
_9191448
852 _aES-MaACL
_jA-12431
_pv.1
_9188323
_bR.148374
_cDEPO1
_dOlim: N-5436
852 _aES-MaACL
_jA-12432
_pv.2
_9200609
_bR.148374
_cDEPO1
_dOlim: N-5437
942 _2udc
_cMONOGRAFIA
999 _c181423
_d181423